Writing Science : how to write papers that get coted and proposals that get funded

Na minha lista:
Detalhes bibliográficos
Autor principal: Schimel, Joshua (Author)
Formato: Livro
Idioma:inglês
Publicado em: Oxford : Oxford University Press, 2012
Assuntos:
Tags: Adicionar Tag
Sem tags, seja o primeiro a adicionar uma tag!

MARC

LEADER 00000nam a22000003a 4500
001 stu301251
005 20150617230313.9
008 141120s2012----uk------------------eng-d
020 |a 978-0-19976024-4 
040 |a STU  |b slo 
041 0 |a eng 
044 |a uk 
100 1 |a Schimel, Joshua  |4 aut 
245 1 |a Writing Science :  |b how to write papers that get coted and proposals that get funded 
260 |a Oxford :  |b Oxford University Press,  |c 2012 
300 |a 221 p 
650 7 |a citovanie  |2 stusub 
650 7 |a granty  |2 stusub 
996 |b 284M086243  |c M*13737-1  |l MMKN  |s A  |a 24  |w stu301251_0001